| 000 | 00353nam a2200121Ia 4500 | ||
|---|---|---|---|
| 008 | 190216s9999||||xx |||||||||||||| ||und|| | ||
| 100 | _a"Choudhury Rs, Ramakrishnan T V, Subramanyam Etc........" | ||
| 245 | 0 | _aPhysics Pre-Degree Ii Year | |
| 260 |
_bNational Council Of Educational Research _c1989 |
||
| 300 | _a502p | ||
| 650 | _aPhysics | ||
| 942 | _cREF | ||
| 999 |
_c36047 _d36047 |
||